Coffee and cigarettes Καφές και τσιγάρα

Το Παρίσι της δεκαετίας του 20, η χρήση της νικοτίνης ως εντομοκτόνου, οι Άμποτ και Κοστέλο, οι θεωρίες συνωμοσίας σχετικά με τον Έλβις, η σωστή προετοιμασία του αγγλικού τσαγιού είναι μερικά μόνο από τα θέματα που διάφοροι χαρακτήρες συζητούν, καπνίζοντας και απολαμβάνοντας τον καφέ τους. Μια συρρα...

Πλήρης περιγραφή

Αποθηκεύτηκε σε:
Λεπτομέρειες βιβλιογραφικής εγγραφής
Άλλοι συγγραφείς: Jarmusch, Jim, 1953- (Σεναριογράφος, Διευθυντής), Benigni, Roberto (Ηθοποιός), Buscemi, Steve, 1957- (Ηθοποιός), Murray, Bill, 1950 September 21- (Ηθοποιός), Pop, Iggy, 1947- (Ηθοποιός), Blanchett, Cate, 1969- (Ηθοποιός), Molina, Alfred, 1953- (Ηθοποιός), Waits, Tom, 1949- (Ηθοποιός)
Μορφή: Διαφάνειες
Γλώσσα:English
Greek
Δημοσίευση: Αθήνα : Prooptiki [Εταιρεία διανομής], [2003]
Θέματα:
Ετικέτες: Προσθήκη ετικέτας
Δεν υπάρχουν, Καταχωρήστε ετικέτα πρώτοι!

MARC

LEADER 00000cgm a2200000 i 4500
001 1/94018
008 080917s2003 gr ||| | || ||eng||
035 |l 10100217 
040 |a GR-MyUa  |b gre  |e AACR2 
041 0 |a eng  |j gre 
082 7 |a 791.437   |2 (22) 
245 0 0 |a Coffee and cigarettes   |h [μαγνητοσκόπηση] =   |b Καφές και τσιγάρα /   |c written and directed by Jim Jarmusch. 
246 1 |i Παράλληλος τίτλος:   |a Καφές και τσιγάρα  
260 |a Αθήνα :   |b Prooptiki [Εταιρεία διανομής],   |c [2003] 
300 |a 1 βιντεοδίσκος (95 λεπτ.) :   |b ομίλ., έγχρ. ;   |c 4 3/4 ίν. 
500 |a Κυκλοφόρησε πρώτη φορά ως κινηματογραφική ταινία το 2003. 
508 |a Σχεδιασμός παραγωγής, Mark Friedberg ; μοντάζ, Jay Rabinowitz ; φωτογραφία, Frederick Elmes ; παραγωγή, Joana Vicente, Jason Kliot. 
511 0 |a Ρομπέρτο Μπενίνι, Στίβ Μπουσεμι, Μπίλ Μάρεϊ, Ίγκι Πόπ, Κέϊτ Μπλάνσετ, Άλφρεντ Μολίνα, Τόμ Γουέϊτς. 
520 8 |a Το Παρίσι της δεκαετίας του 20, η χρήση της νικοτίνης ως εντομοκτόνου, οι Άμποτ και Κοστέλο, οι θεωρίες συνωμοσίας σχετικά με τον Έλβις, η σωστή προετοιμασία του αγγλικού τσαγιού είναι μερικά μόνο από τα θέματα που διάφοροι χαρακτήρες συζητούν, καπνίζοντας και απολαμβάνοντας τον καφέ τους. Μια συρραφή μικρών ιστοριών που αποκαλύπτουν τις εμμονές και τις εξαρτήσεις της ζωής, αλλά και τις κρυμμένες μικροχαρές στα απλά πράγματα. 
546 |a Στα αγγλικά με υπότιτλους στα ελληνικά. 
655 7 |a Feature films  |2 lcgft 
650 0 |a Coffee  |v Drama. 
650 0 |a Cigarettes  |v Drama. 
700 1 |a Jarmusch, Jim,   |d 1953-  |e aus  |e drt 
700 1 |a Benigni, Roberto,  |e act 
700 1 |a Buscemi, Steve,   |d 1957-  |e act 
700 1 |a Murray, Bill,   |d 1950 September 21-  |e act 
700 1 |a Pop, Iggy,   |d 1947-  |e act 
700 1 |a Blanchett, Cate,   |d 1969-  |e act 
700 1 |a Molina, Alfred,   |d 1953-  |e act 
700 1 |a Waits, Tom,   |d 1949-  |e act 
852 |a INST  |b SYROS  |c AV  |e 20080917  |h 791.437 JAR  |p 005500005536  |q 005500005536  |t DVD  |y 23 
901 |a BIBL5-2008-1 
922 |a 5ΕΛΗ  |b 200709  |c Βιβλιοθήκη Σύρου  |d Anaco 
970 |a Κοντού  |b Παρασκευή  |z 17/09/2008